|
|
|
|
| LEADER |
02251njm a2200577 a 4500 |
| 001 |
000387116 |
| 003 |
CZ BrMZK |
| 005 |
20230331135835.0 |
| 008 |
980105s1998 xr f cze d |
| 028 |
0 |
3 |
|a 74321 47917 2
|b BMG Ariola ČR/SR
|
| 040 |
|
|
|a BOA001
|b cze
|
| 080 |
|
|
|a 784.6(086.7)
|2 MRF
|
| 080 |
|
|
|a 784.4(437.1)(086.7)
|2 MRF
|
| 245 |
0 |
0 |
|a Zpívánky.
|n 2
|h [zvukový záznam]
|
| 246 |
3 |
3 |
|a Marjánko, Marjánko
|
| 246 |
3 |
3 |
|a Nestarej se ženo má
|
| 246 |
3 |
3 |
|a Prší, prší
|
| 246 |
3 |
3 |
|a Strejčk Nimra koupil šimla
|
| 246 |
3 |
3 |
|a Stála basa u Primasa
|
| 246 |
3 |
3 |
|a Travička zelená
|
| 246 |
3 |
3 |
|a Žádný neví co jsou Domažlice
|
| 246 |
3 |
3 |
|a Ach, synku, synku
|
| 246 |
3 |
3 |
|a Já do lesa nepojedu
|
| 246 |
3 |
3 |
|a Kalamajka
|
| 260 |
|
|
|a Praha :
|b BMG Ariola ČR/SR,
|c p1998
|
| 300 |
|
|
|a 1 CD :
|b AAd ;
|c 12 cm +
|e 1 složený list.
|
| 306 |
|
|
|a 004712
|
| 500 |
|
|
|a Durata 47:12
|
| 500 |
|
|
|a Texty písní v doprovod. mater.
|
| 500 |
|
|
|a Nahr. neuv
|
| 505 |
2 |
|
|a Prší, prší, Strejček Nimra koupil šimla, Já do lesa nepojedu ... [et al.]
|
| 511 |
0 |
|
|a J. Hrušínský, zpěv; L. Krbová, zpěv; P. Štěpánek ... [et al.]
|
| 653 |
0 |
|
|a dětské písně
|a české lidové písně
|
| 700 |
1 |
|
|a Štěpánek, Petr,
|d 1948-
|7 jn19981002477
|4 prf
|
| 700 |
1 |
|
|a Žilková, Veronika,
|d 1961-
|7 jn20000402969
|4 prf
|
| 700 |
1 |
|
|a Balzerová, Eliška,
|d 1949-
|7 jn19981228029
|4 prf
|
| 700 |
1 |
|
|a Bartoška, Jiří,
|d 1947-2025
|7 jn19981228036
|4 prf
|
| 700 |
1 |
|
|a Císler, Jiří,
|d 1928-2004
|7 jk01020775
|4 prf
|
| 700 |
1 |
|
|a Haničinec, Petr,
|d 1930-2007
|7 jn19981001403
|4 prf
|
| 700 |
1 |
|
|a Hanzlík, Jaromír,
|d 1948-
|7 jn20000400883
|4 prf
|
| 700 |
1 |
|
|a Hrušínský, Jan,
|d 1955-
|7 jn99240000329
|4 prf
|
| 700 |
1 |
|
|a Kořínek, František
|4 prf
|
| 700 |
1 |
|
|a Krbová, Ljuba,
|d 1958-
|7 ola2002139905
|4 prf
|
| 700 |
1 |
|
|a Molavcová, Jitka,
|d 1950-
|7 jn19990209558
|4 prf
|
| 700 |
1 |
|
|a Paulová, Jana,
|d 1955-
|7 jn20010601409
|4 prf
|
| 700 |
1 |
|
|a Pešek, Michal,
|d 1959-2012
|7 jx20050517014
|4 prf
|
| 910 |
|
|
|a BOA001
|b CD-0006.815,2
|
| 964 |
|
|
|a Písně dětské
|x CD
|
| 964 |
|
|
|a Písně lidové české
|x CD
|
| 990 |
|
|
|a AV
|
| 996 |
6 |
|
|b 261H007211
|c CD-0006.815,2
|l MZK
|r Sklad / do 24 hodin
|n 0
|p p.v.
|w 000387116
|u 000010
|a 1
|e BOA001
|j MZK50
|s P
|